Name kpop song start with the letter “S” - Statistics

General Stats
  • This quiz has been taken 13 times
  • The average score is 8 of 36
Answer Stats
Hint Answer % Correct
Jungkook Seven
78%
Seventeen Super
78%
Zico & jennie Spot
67%
Iz*one Secret story of the swan
44%
Babymonster Sheesh
44%
Aespa Spicy
44%
Blackpink Shutdown
33%
Le sserafim Smart
33%
Itzy Sneakers
33%
Jennie Solo
33%
GOT the beat Step back
33%
New jeans Super shy
33%
Bts Save me
22%
Blackpink See u later
22%
Kiss of life Shhh
22%
Jungkook Standing next to you
22%
Blackpink Stay
22%
Nct 127 Sticker
22%
Gidle Super Lady
22%
Enhypen Sweet venom
22%
Aespa Savage
11%
Twice Scientist
11%
Wonder girls So hot
11%
Nmixx Sonar
11%
GOT the beat Stamp on it
11%
Hearts2hearts Style
11%
Txt Sugar rush ride
11%
Ateez Say my name
0%
Twice Set me free
0%
Kep1er Shooting star
0%
Enhypen Shout out
0%
Bts Silver spoon
0%
Nct 127 Simon says
0%
Fromis_9 Stay this way
0%
Bigbang Still life
0%
Nct 127 Superhuman
0%
No matching quizzes found
Score Distribution
Percent of People with Each Score
Percentile by Number Answered
Your Score History
You have not taken this quiz